000 00592nam a2200205Ia 4500
003 GCL
008 140319s9999 xx 000 0 ara d
040 _aGCL /
_cGCL
082 0 4 _aط
_b813.087
_bد ق
100 1 _aاحمد نجيب
245 1 0 _aالجرة العجيبة /
_cاحمد نجيب
260 _a[S.N] :
_bدار الكتاب المصرى ،
_c1992
300 _a15 ص
490 _aقصص عالمية للاطفال
_v0
650 0 4 _aالاطفال
650 0 4 _aالقصص
650 0 4 _aالقصة القصيرة
650 0 4 _aقصص الاطفال
942 _2ddc
_cBK
999 _c35889
_d35889